00958nam a2200241Ia 450000100060000000300090000600800410001504000130005604000130006904100130008210000190009510000290011424500500014324500490019325000110024226000110025326000130026426000490027730000560032650002770038265000260065965000310068586856IT-RoPAU130308s9999 xx 000 0 und d aIT-RoPAU cIT-RoPAU aITALIANO aCristin Renato gCodice Aut. SPICS: 31117 aHeidegger e Leibniz-Il sentiero e la ragione  bHeidegger e Leibniz-Il Sentiero e la Ragione a1a ed. aMILANO bBompiani c1990 [1° Ed.:1990 - Ed.Ling.Originale:1990] a"164 p. (prefazione: 14; testo: 150 [pagine: 0-0])" aTopologia del fondamento Fondamento Come fuoco e Come Logos Erorterung del fondamento Luogo e Fine Sentiero dal fondamento All'Abisso in Cammino Verso Il pensiero Abaco e Specchio Sentiero dal Principio di Ragione al pensiero Meditante Prefazione di Gadamer Bibliografia aFILOSOFIA LINGUISTICA eCodice materia Spics: 3101